Potential of Human Capital in Individual Regions of the Slovak Republic

Ľudský kapitál ako významný faktor ekonomického rastu, zdroj príjmu podnikov a zásoba bohatstva ekonomiky. Preskúmanie ľudského kapitálu jednotlivých regiónov Slovenska s cieľom poukázať na významné faktory prispievajúce k jeho stabilizácii. Zdroje údajov zo Štatistického úradu SR a Správy o sociáln...

Full description

Saved in:
Bibliographic Details
Main Author: Šagátová, Slavka, 1975-
Format: Book Chapter
Language:Slovak
Subjects:
Tags: Add Tag
No Tags, Be the first to tag this record!

MARC

LEADER 00000naa$a2200000$$$4500
001 0261142
005 20240502083748.1
041 0 |a slo 
044 |a CZ 
245 1 0 |a Potential of Human Capital in Individual Regions of the Slovak Republic 
520 |a Ľudský kapitál ako významný faktor ekonomického rastu, zdroj príjmu podnikov a zásoba bohatstva ekonomiky. Preskúmanie ľudského kapitálu jednotlivých regiónov Slovenska s cieľom poukázať na významné faktory prispievajúce k jeho stabilizácii. Zdroje údajov zo Štatistického úradu SR a Správy o sociálnej situácii obyvateľstva SR za rok 2018. Dôležité faktory ovplyvňujúce stabilizáciu ľudského kapitálu: zamestnanosť, mieru vzdelania a priemernú mzdu. 
610 2 0 |a kapitál ľudský 
610 2 0 |a regióny 
610 2 0 |a Slovensko 
610 2 0 |a zamestnanosť 
610 2 0 |a vzdelanie 
100 1 |a Šagátová, Slavka, 1975-